<?xml version="1.0" encoding="utf-8"?>
<?xml-stylesheet type='text/xsl' href='./oai2.xsl'?>
<OAI-PMH xmlns="http://www.openarchives.org/OAI/2.0/" xmlns:xsi="http://www.w3.org/2001/XMLSchema-instance" xsi:schemaLocation="http://www.openarchives.org/OAI/2.0/ http://www.openarchives.org/OAI/2.0/OAI-PMH.xsd">
  <responseDate>2026-06-07T21:10:00Z</responseDate>
  <request verb="GetRecord" metadataPrefix="marcxml" identifier="record_kuniweb_1379271">https://kulturerbe.niedersachsen.de/oai</request>
  <GetRecord>
    <record>
      <header>
        <identifier>record_kuniweb_1379271</identifier>
        <datestamp>2026-03-31T19:09:18Z</datestamp>
        <setSpec>slg0192</setSpec>
      </header>
      <metadata>
        <marc:record xmlns:marc="http://www.loc.gov/MARC21/slim" xsi:schemaLocation="http://www.loc.gov/MARC21/slim http://www.loc.gov/standards/marcxml/schema/MARC21slim.xsd">
          <marc:leader>12345nkm  22     uu 4500</marc:leader>
          <marc:controlfield tag="001">1379271</marc:controlfield>
          <marc:controlfield tag="003">http://kuniweb.gbv.de</marc:controlfield>
          <marc:controlfield tag="005">2020-10-01T15:56:17</marc:controlfield>
          <marc:controlfield tag="008">|           ||||||||||||||||||||||</marc:controlfield>
          <marc:datafield tag="245" ind1="1" ind2="0">
            <marc:subfield code="a">Ansichtskarte / Bahnhofstraße mit Postamt / Einbeck</marc:subfield>
          </marc:datafield>
          <marc:datafield tag="655" ind1=" " ind2="7">
            <marc:subfield code="a">Fotografie</marc:subfield>
          </marc:datafield>
          <marc:datafield tag="046" ind1=" " ind2=" ">
            <marc:subfield code="k">1905</marc:subfield>
            <marc:subfield code="k">1905</marc:subfield>
          </marc:datafield>
          <marc:datafield tag="260" ind1=" " ind2=" ">
            <marc:subfield code="g">1905</marc:subfield>
            <marc:subfield code="g">1905</marc:subfield>
          </marc:datafield>
          <marc:datafield tag="300" ind1=" " ind2=" ">
            <marc:subfield code="a">Höhe: 9,2 cm
Breite: 14 cm</marc:subfield>
          </marc:datafield>
          <marc:datafield tag="520" ind1=" " ind2=" ">
            <marc:subfield code="a">Ansichtskarte der Einbecker Bahnhofstraße, 1879 vom Möncheplatz in Richtung Bahnhof angelegt. Blickrichtung nach Westen, zum Möncheplatz hin. Am rechten Bildrand das Kaiserliche Postamt. Die Bahnhofstraße ist gepflastert und mit Bürgersteigen gesäumt. Auf der Straße ist ein Handwagen zu sehen. Auf dem Bürgersteig vor der Tür des Postamtes steht ein hochrädriger Kinderwagen. Links auf dem Bürgersteig stehen zwei halbwüchsige Kinder mit einem zweirädrigen Gefährt.
 (Stadtmuseum Einbeck)

Aufschrift:
1) Lieber Bruder! Heute war ich hier wegen Aufträgen zu machen und Arbeit zu suchen die ich auch fand. Nach Ostern werde ich hier anfangen. Mit bestem Gruß Karl 2) Herrn Hermann Jühne Oberstein a.d. Nahe Ackerstraße 6 (1) Text im Schriftfeld seitlich des Bildes. 2) Adresse des Empfängers auf der RS.)

Aufdruck:
1) Einbeck. Bahnhofstr. mit Postamt 2) Postkarte Weltpostverein Carte-Postale. Union Postale Universelle 3) Georg Kugelmann Hannover 111. (1) Aufdruck seitlich neben dem Bild auf der VS 2) Aufdruck auf RS links oben. 3) Aufdruck links unten auf RS)

Aufdruck:
Zwei Poststempel EINBECK 9.4.05 OBERSTEIN 10.4.05 9 10 V (auf der RS, der Einbeck-Stempel auf der Briefmarke oben rechts, der Ankunftsstempel links unten)</marc:subfield>
          </marc:datafield>
          <marc:datafield tag="650" ind1="1" ind2=" ">
            <marc:subfield code="a">Druckwesen, Schriftwesen &gt; Karte, Musterkarte &gt; Postkarte</marc:subfield>
          </marc:datafield>
          <marc:datafield tag="650" ind1="1" ind2=" ">
            <marc:subfield code="a">Einbeck (Northeim, Niedersachsen)</marc:subfield>
          </marc:datafield>
          <marc:datafield tag="773" ind1="0" ind2=" ">
            <marc:subfield code="t">Sammlung Stadtgeschichte</marc:subfield>
          </marc:datafield>
          <marc:datafield tag="852" ind1=" " ind2=" ">
            <marc:subfield code="a">Stadtmuseum Einbeck</marc:subfield>
          </marc:datafield>
          <marc:datafield tag="" ind1=" " ind2=" ">
            <marc:subfield code="a">Namensnennung - Weitergabe unter gleichen Bedingungen 4.0 International (CC BY-SA 4.0)</marc:subfield>
          </marc:datafield>
        </marc:record>
      </metadata>
    </record>
  </GetRecord>
</OAI-PMH>
